000 00425nam a22001337a 4500
008 131218b xxu||||| |||| 00| 0 eng d
050 _aSPC DT930.W74
100 _aWilson, Herbert Wrigley
_95904
245 _aWith the flag to Pretoria
_bA history of the Boer War of 1899-1902
260 _aLondon
_bHarmsworth Brothers
_c1900
300 _a2v.
_c32cm
650 _aSouth African War 1899-1902
_95905
942 _2lcc
_cMONOGRAPH
999 _c119337
_d119337